| 000 | 00716nam a2200241Ia 4500 | ||
|---|---|---|---|
| 003 | GCL | ||
| 008 | 140319s9999 xx 000 0 ara d | ||
| 040 |
_aGCL / _cGCL |
||
| 082 | 0 | 4 |
_a157.33 _bس ق |
| 100 | 1 | _aسعدالدين محمد غندور | |
| 245 | 1 | 0 |
_aقصص غريبة فى التقمص / _cسعدالدين محمد غندور |
| 260 |
_a[S.N] : _bالمؤسسة الحديثة للكتاب ، _c1993 |
||
| 300 | _a143 ص | ||
| 490 | _a | ||
| 650 | 0 | 4 | _aعلم النفس |
| 650 | 0 | 4 | _aالنوادرالعربية |
| 650 | 0 | 4 | _aالاساطير العربية |
| 650 | 0 | 4 | _aلبنان |
| 650 | 0 | 4 | _aالقصص |
| 650 | 0 | 4 | _aالاساطير |
| 650 | 0 | 4 | _aالنوادر |
| 942 |
_2ddc _cBK |
||
| 999 |
_c28644 _d28644 |
||